Pojem, vznik a zánik záložného práva

Analýza právnej úpravy záložného práva, najmä zmluvného záložného práva. Analýza miest, ktoré môžu byť potenciálnym nositeľom ťažkostí pri praktickej realizácii práva.

Salvato in:
Dettagli Bibliografici
Autore principale: Holub, Dušan
Natura: Capitolo di libro
Lingua:slovacco
Soggetti:
Tags: Aggiungi Tag
Nessun Tag, puoi essere il primo ad aggiungerne!!

MARC

LEADER 00000naa a2200000 4500
001 0261556
005 20240502074148.7
041 0 |a slo 
044 |a SK 
245 1 0 |a Pojem, vznik a zánik záložného práva 
520 |a Analýza právnej úpravy záložného práva, najmä zmluvného záložného práva. Analýza miest, ktoré môžu byť potenciálnym nositeľom ťažkostí pri praktickej realizácii práva. 
610 2 0 |a právo záložné 
610 2 0 |a dlhy 
610 2 0 |a pohľadávky 
610 2 0 |a zmluvy 
100 1 |a Holub, Dušan